000 02497nam2a2200301 4500
001 RU\NLR\BIBL_A\012599668
005 20250624082436.0
035 _a(NLR Aleph) 012599668
090 _a12578132
_c12578132
100 _a20210922d2020 |||y0rusy50 ca
101 0 _arus
_deng
102 _aRU
200 1 _aАктуальные вопросы хореографического образования в сфере народной художественной культуры и творчества
_eматериалы II Всероссийской научно-практической конференции с международным участием "Хореографическое образование в сфере народной художественной культуры", 29 марта 2019 года, Санкт-Петербург
210 _d2020
_aБ. м.
215 _a96 c.
_cил.
_d20
300 _aРез. на англ. яз.
320 _aБиблиогр. в конце ст.
461 0 _1001RU\NLR\Per\1158036
_12001#$aТруды Санкт-Петербургского государственного института культуры$fС.-Петерб. гос. ин-т культуры$vТ. 221
_910371756
_aСанкт-Петербургский государственный институт культуры
_cСанкт-Петербург
_d2015 -
_fС.-Петерб. гос. ин-т культуры
_nСанкт-Петербургский государственный институт культуры
_tТруды Санкт-Петербургского государственного института культуры
_x2686-8288
_vТ. 221
606 1 _aХореографическое образование
_jСъезды, совещания и т.п
_yРоссийская Федерация
_92256016
_3RU\NLR\AUTH\6601583128
606 1 _aТанец
_jСъезды, совещания и т.п
_91077489
_3RU\NLR\AUTH\66101897
686 1 _aЧ459.783.4(2Р)я431
686 1 _aЩ32я431
711 1 2 _a"Хореографическое образование в сфере народной художественной культуры", всероссийская научно-практическая конференция с международным участием
_d2
_eСанкт-Петербург
_f2019
_9769201
_3RU\NLR\AUTH\880551578
852 _aNLR
_bБ
_jП186
942 _cISSUE
980 _aNB
980 _aRUSPER